000 00379 a2200169 4500
001 68795
020 _a8516031365
040 _cAnchieta - Itaigara
100 _aNicola, José de
240 1 0 _aEntre ecos e outros trecos
_lpor
245 1 0 _aEntre ecos e outros trecos
300 _a47
362 0 _a2002
440 1 _aModerna
650 4 _aLiteratura infantil
942 _cBK
999 _c68795
_d68795